Agua para todos : la lucha de una ciudad por apagar su sed /

Tallennettuna:
Bibliografiset tiedot
Päätekijä: Arana Cervantes, Marcos (autor)
Muut tekijät: Matute Remus, Jorge (presentación) (presentación)
Aineistotyyppi: Kirja
Kieli:espanja
Julkaistu: Guadalajara, México : Gobierno del Estado de Jalisco : Sistema Intermunicipal de Agua Potable y Alcantarillado, 1980, c1980
Aiheet:
Tagit: Lisää tagi
Ei tageja, Lisää ensimmäinen tagi!

MARC

LEADER 00000nam^a2200000^a^4500
001 000181675
005 20250521000000.0
009 20260310101939.52
037 |a Acervo ITESO - Biblioteca 
041 |a ESP 
082 |a 628. 10972352  |b ARA 
100 |a Arana Cervantes, Marcos  |e (autor) 
240 1 1 |a [Agua para todos: la lucha de una ciudad por apagar su sed] 
245 1 0 |a Agua para todos :  |b la lucha de una ciudad por apagar su sed /  |c M. Arana Cervantes ; presen. de J. Matute Remus. 
264 4 |a Guadalajara, México :  |b Gobierno del Estado de Jalisco :  |b Sistema Intermunicipal de Agua Potable y Alcantarillado,  |c 1980, c1980 
300 |a 127 p. 
336 |a texto  |b txt  |2 rdacontenido 
337 |a sin mediación  |b n  |2 rdamedio 
338 |a volumen  |b nc  |2 rdasoporte 
649 |a XX 
650 |a Agua Potable -  |z Guadalajara, Jalisco -  |x Historia 
650 |a Agua -  |x Abastecimiento -  |z Guadalajara, Jalisco -  |x Tema Principal 
650 |a Agua -  |x Abastecimiento -  |z Guadalajara, Jalisco -  |x Historia 
650 |a Sistema de Agua Potable -  |z Guadalajara, Jalisco -  |x Historia 
650 |a Infraestructura Urbana -  |z Guadalajara, Jalisco 
650 |a Urbanismo -  |z Guadalajara, Jalisco -  |x Historia 
650 |a Guadalajara, Jalisco -  |x Historia 
700 |a Matute Remus, Jorge  |e (presentación) 
910 |a Fondo General 
920 |a Impresos - Libros 
930 |a Colección General 
905 |a 101 
901 |a 0500121590  |b IT1  |c ACC  |u 20250521 
902 |a https://opac.biblio.iteso.mx/vufind/Record/000181675